000 00573nam a2200157Ia 4500
008 210716s2015 xx 000 0 und d
020 _a9780070666986
041 _aeng
082 _a658.7 SIMD
100 _aSimchi Levi, David; Kaminsky, Philip; Simchi Levi, Edith; Shankar, Ravi.
245 _aDesigning and managing the supply chain: concepts strategies and case studies.
_bConcepts strategies and case studies.
250 _a3
260 _aNew Delhi
_bTata McGraw Hill Education Private Limited
_c2015
300 _axxix,531
650 _aMaterials Management(658.7)
999 _c195657
_d195657